[Event "London Classic op U1825 8th"]
[Site "London"]
[Date "2016.12.11"]
[Round "5"]
[White "Lee, Robin"]
[Black "McClennon, David"]
[Result "1-0"]
[WhiteElo "1570"]
[BlackElo "1547"]
[PlyCount "63"]
[EventDate "2016.12.09"]
[EventType "swiss"]
[EventRounds "5"]
[EventCountry "ENG"]
[SourceTitle "EXT 2019"]
[Source "ChessBase"]
[SourceDate "2018.10.10"]
[SourceVersion "1"]
[SourceVersionDate "2018.10.10"]
[SourceQuality "1"]

1. c4 Nf6 2. Nc3 e6 3. g3 d5 4. Bg2 d4 5. Nb1 Bd6 6. d3 Nc6 7. Nd2 0-0 8. Ngf3 Re8 9. a3 e5 10. Ng5 Bf5 11. Nde4 h6 12. Nxf6+ Qxf6 13. Ne4 Bxe4 14. Bxe4 Nd8 15. 0-0 c6 16. b4 Qe6 17. e3 f5 18. Bg2 c5 19. Bd5 cxb4 20. axb4 Kh8 21. Bxe6 Nxe6 22. c5 Bc7 23. Qf3 dxe3 24. Bxe3 e4 25. Qxf5 exd3 26. Rfd1 Bd8 27. Rxd3 Bf6 28. Rad1 Kg8 29. Rd7 Nd8 30. Bxh6 Nf7 31. Bxg7 Bxg7 32. Qxf7+ 1-0

[Event "London Classic op U1825 8th"]
[Site "London"]
[Date "2016.12.09"]
[Round "1"]
[White "Woods, Timothy J"]
[Black "Lee, Robin"]
[Result "1/2-1/2"]
[WhiteElo "1713"]
[BlackElo "1570"]
[PlyCount "102"]
[EventDate "2016.12.09"]
[EventType "swiss"]
[EventRounds "5"]
[EventCountry "ENG"]
[SourceTitle "EXT 2019"]
[Source "ChessBase"]
[SourceDate "2018.10.10"]
[SourceVersion "1"]
[SourceVersionDate "2018.10.10"]
[SourceQuality "1"]

1. e4 c5 2. Nf3 d6 3. d4 cxd4 4. Nxd4 Nf6 5. Nc3 a6 6. f4 e6 7. Qf3 Nbd7 8. Be3 Nb6 9. Bd3 e5 10. Nb3 Ng4 11. Bd2 Qh4+ 12. Qg3 Be7 13. Qxh4 Bxh4+ 14. g3 Nxh2 15. gxh4 Nf3+ 16. Ke2 Bg4 17. Kf2 Nxd2 18. Nxd2 exf4 19. Rag1 h5 20. Be2 Bxe2 21. Kxe2 g6 22. Kf3 0-0-0 23. Rg5 Rhe8 24. Nd5 Nxd5 25. Rxd5 Re5 26. Nc4 Rxd5 27. Nb6+ Kc7 28. Nxd5+ Kd7 29. Nxf4 Rc8 30. c3 a5 31. Rd1 Rc5 32. Rd5 b6 33. Rxc5 dxc5 34. Nd5 b5 35. Kf4 Kd6 36. Ne3 Ke6 37. Nc2 f6 38. Ne3 g5+ 39. hxg5 fxg5+ 40. Kxg5 h4 41. Kxh4 Ke5 42. Nf5 b4 43. Kg4 Kxe4 44. Nd6+ Kd5 45. Nb5 a4 46. Kf4 Kc4 47. cxb4 Kxb5 48. bxc5 Kxc5 49. Ke4 Kc4 50. Ke3 a3 51. bxa3 Kb5 1/2-1/2